| 000 | 00669 a2200193 4500 | ||
|---|---|---|---|
| 010 | _aENG-89584 | ||
| 020 |
_a8181574443 _c400.00 |
||
| 035 | _aEN-73117 | ||
| 037 | _bDBAD / PUB | ||
| 082 | 1 | 4 | _a230.2 |
| 090 |
_c11196 _d11196 |
||
| 245 | 1 |
_aThe Mahabharata of Vyasa/ _ccondensed from Sanskrit and transcreated into English by P. Lal |
|
| 260 |
_aCalcutta _bWriters Workshop _c2006 |
||
| 270 |
_bCalcutta _cCalcutta _aLake Garden _e700045 |
||
| 300 |
_a468p. _c21 cm ( Hb.) |
||
| 490 | _aA Writers Workshop saffronbird book | ||
| 942 |
_adpl _cEN _k230.2 / MAH |
||
| 999 |
_c10890 _d10890 |
||